| 000 | 00381 a2200133 4500 | ||
|---|---|---|---|
| 005 | 20250625132630.0 | ||
| 020 | _a978-0-07-354542-4 | ||
| 082 | _a808.066 YOU | ||
| 100 | _aYOUNG, J . D | ||
| 245 | _aBusiness English: Writing for the Global Workplace | ||
| 260 |
_aBoston _bMcGraw-Hill Irwin _c2008. |
||
| 300 |
_aix, 398p.: ill.; figures _bIndex, References _c27cm |
||
| 942 |
_2ddc _cBKS |
||
| 999 |
_c5076 _d5076 |
||